[Event "Budapest FS06 IM"]
[Site "Budapest"]
[Date "2025.06.14"]
[Round "9"]
[White "Marzano, Carlo"]
[Black "Kustar, Sandor"]
[Result "0-1"]
[WhiteElo "2141"]
[BlackElo "2204"]
[PlyCount "82"]
[EventDate "2025.06.07"]
[EventType "tourn"]
[EventRounds "9"]
[EventCountry "HUN"]
[SourceTitle "CB26_2025"]
[SourceDate "2025.06.25"]
[SourceVersion "1"]
[SourceVersionDate "2025.06.25"]
[SourceQuality "1"]

1. d4 Nf6 2. c4 g6 3. Nc3 d5 4. e3 Bg7 5. Qb3 e6 6. Qa3 b6 7. Nf3 Bb7 8. cxd5 exd5 9. Be2 Nbd7 10. 0-0 c5 11. b3 0-0 12. Bb2 Re8 13. dxc5 bxc5 14. Rfd1 a6 15. Rac1 Qe7 16. Rc2 d4 17. exd4 Bxf3 18. gxf3 Nh5 19. Ne4 Qh4 20. Qa4 Qh3 21. Rd3 Nf4 22. Bf1 Qf5 23. Ng3 Qd5 24. Re3 cxd4 25. Re4 d3 26. Rd2 Bxb2 27. Rxf4 Ne5 28. Ne4 Nxf3+ 29. Rxf3 Rxe4 30. Rdxd3 Qg5+ 31. Rg3 Qh4 32. Qc6 Rae8 33. Qxa6 Be5 34. Rg2 Re1 35. Qc6 Re6 36. Qc8+ Kg7 37. Rd8 Qe4 38. Rg8+ Kh6 39. Qc4 Qxc4 40. bxc4 Rd6 41. f4 Rdd1 0-1

[Event "Budapest FS06 IM"]
[Site "Budapest"]
[Date "2025.06.09"]
[Round "3"]
[White "Marzano, Carlo"]
[Black "Ilincic, Zlatko"]
[Result "1/2-1/2"]
[WhiteElo "2141"]
[BlackElo "2247"]
[PlyCount "87"]
[EventDate "2025.06.07"]
[EventType "tourn"]
[EventRounds "9"]
[EventCountry "HUN"]
[SourceTitle "CB26_2025"]
[SourceDate "2025.06.25"]
[SourceVersion "1"]
[SourceVersionDate "2025.06.25"]
[SourceQuality "1"]

1. d4 Nf6 2. c4 g6 3. Nc3 Bg7 4. e4 d6 5. Nf3 0-0 6. Bd3 Na6 7. 0-0 e5 8. d5 Nc5 9. Bc2 a5 10. a3 Bd7 11. Re1 a4 12. Be3 Qe8 13. Bxc5 dxc5 14. d6 Bc6 15. dxc7 Qe7 16. Nd5 Bxd5 17. cxd5 Ne8 18. Bxa4 Nd6 19. Bc2 Bh6 20. a4 Rfc8 21. b3 Rxc7 22. Bd3 Rcc8 23. Nd2 b5 24. Qe2 c4 25. bxc4 bxa4 26. Nb1 Qa7 27. Nc3 a3 28. Nb5 Nxb5 29. cxb5 Rc3 30. Red1 Qc5 31. g3 Ra4 32. Rab1 Qb6 33. Bc2 Rac4 34. Bb3 Rb4 35. Ba2 Rxb1 36. Rxb1 Bf8 37. Rb3 Rc1+ 38. Kg2 Bd6 39. Rb1 Rc8 40. h4 h5 41. Qd3 Kg7 42. Qe2 Rc7 43. Qd3 Rc8 44. Qe2 1/2-1/2

[Event "Sardinia World op-A"]
[Site "Orosei"]
[Date "2025.04.29"]
[Round "4"]
[White "Marzano, Carlo"]
[Black "Brunello, Marina"]
[Result "1-0"]
[WhiteElo "2131"]
[BlackElo "2325"]
[PlyCount "99"]
[EventDate "2025.04.27"]
[EventType "swiss"]
[EventRounds "9"]
[EventCountry "ITA"]
[SourceTitle "CB19_2025"]
[SourceDate "2025.05.07"]
[SourceVersion "1"]
[SourceVersionDate "2025.05.07"]
[SourceQuality "1"]

1. d4 Nf6 2. c4 e6 3. Nc3 Bb4 4. e3 0-0 5. Bd2 b6 6. Nf3 d5 7. cxd5 exd5 8. Rc1 c5 9. Bd3 c4 10. Bb1 Bxc3 11. Bxc3 Bg4 12. b3 b5 13. bxc4 bxc4 14. Qa4 Bxf3 15. gxf3 Re8 16. Kd2 Nbd7 17. Rcg1 Nb6 18. Qa5 Qd7 19. Bc2 Qh3 20. Rg3 Qh4 21. Rhg1 Nh5 22. R3g2 g6 23. Kc1 Nf6 24. Qa3 Qh3 25. Bd1 Qd7 26. Kd2 Rab8 27. Bc2 Rb7 28. h4 Qh3 29. Rg3 Qxh4 30. Qc1 Qh6 31. Rh1 Qf8 32. a4 Qd6 33. a5 Nbd7 34. Qg1 Nf8 35. Qh2 Qe7 36. Qh4 Ne6 37. e4 Ng7 38. e5 Nfh5 39. Qh2 Kf8 40. Rh3 Ne6 41. Rxh5 gxh5 42. f4 Ng7 43. f5 Nxf5 44. Qxh5 Ng7 45. Qf3 Qg5+ 46. Kd1 Rd8 47. Bd2 Qe7 48. Rxh7 Kg8 49. Bh6 f5 50. exf6 1-0

[Event "Lienz op 22nd"]
[Site "Lienz"]
[Date "2025.02.10"]
[Round "4"]
[White "Marzano, Carlo"]
[Black "De Bona, Filippo"]
[Result "1-0"]
[WhiteElo "2153"]
[BlackElo "1872"]
[PlyCount "57"]
[EventDate "2025.02.08"]
[EventType "swiss"]
[EventRounds "9"]
[EventCountry "AUT"]
[SourceTitle "CB08_2025"]
[SourceDate "2025.02.19"]
[SourceVersion "1"]
[SourceVersionDate "2025.02.19"]
[SourceQuality "1"]

1. c4 Nf6 2. d4 e6 3. Nc3 Bb4 4. e3 d5 5. Bd2 0-0 6. Nf3 Nbd7 7. Rc1 c6 8. Qc2 b6 9. Qa4 Be7 10. Qxc6 Ba6 11. Qa4 Bxc4 12. Bxc4 dxc4 13. Qxc4 Rc8 14. Qe2 Bd6 15. e4 Bb8 16. 0-0 h6 17. e5 Nh7 18. Qe4 Qe7 19. Rfe1 Rfd8 20. Qg4 Kh8 21. Ne4 Rxc1 22. Rxc1 f5 23. exf6 Nhxf6 24. Nxf6 Qxf6 25. Re1 e5 26. Bc3 exd4 27. Bxd4 Qf7 28. Qh4 Re8 29. Rxe8+ 1-0

[Event "Vlissingen HZ op 26th"]
[Site "Vlissingen"]
[Date "2024.08.04"]
[Round "2"]
[White "Marzano, Carlo"]
[Black "Hausrath, Daniel"]
[Result "0-1"]
[WhiteElo "2079"]
[BlackElo "2469"]
[PlyCount "134"]
[EventDate "2024.08.03"]
[EventType "swiss"]
[EventRounds "9"]
[EventCountry "NED"]
[SourceTitle "CBM 221 Extra"]
[Source "ChessBase"]
[SourceDate "2024.09.30"]
[SourceVersion "1"]
[SourceVersionDate "2024.09.30"]
[SourceQuality "1"]

1. d4 Nf6 2. Nf3 b6 3. c4 Bb7 4. Nc3 g6 5. Qc2 d5 6. cxd5 Nxd5 7. Nxd5 Qxd5 8. Qxc7 Na6 9. Qe5 Qxe5 10. Nxe5 Nb4 11. Kd1 f6 12. Nd3 Nxd3 13. exd3 Rd8 14. Be3 Bg7 15. Rc1 Rd7 16. f3 f5 17. Be2 Bxd4 18. Bxd4 Rxd4 19. Rc7 Rd7 20. Rxd7 Kxd7 21. Kd2 Kd6 22. Rc1 f4 23. Rc3 Bd5 24. b4 a5 25. bxa5 bxa5 26. Ra3 Ra8 27. Bd1 e5 28. Bb3 Bc6 29. Ba4 Bd5 30. Bb3 Bb7 31. Ba4 Ra6 32. Rb3 Bd5 33. Rb2 g5 34. Kc3 h5 35. h3 Kc7 36. a3 Rb6 37. Rxb6 Kxb6 38. Bd7 Kc5 39. Bf5 Bc6 40. Be6 Be8 41. Bf5 Bf7 42. Bc8 Bg6 43. Bd7 Kd6 44. Bc8 Bf7 45. d4 Bd5 46. Bf5 Bb7 47. Bd3 g4 48. hxg4 hxg4 49. dxe5+ Kxe5 50. fxg4 Bxg2 51. Be2 Bd5 52. Bd1 Be6 53. Bf3 Kf6 54. Kd4 Kg5 55. Ke5 Bxg4 56. Bc6 Be2 57. Kd4 Kg4 58. a4 Bf3 59. Bb5 Kg3 60. Kc5 Bd1 61. Kb6 f3 62. Bc6 f2 63. Bb5 Bxa4 64. Bf1 Bd1 65. Kxa5 Kf3 66. Bb5 Be2 67. Bc6+ Kg3 0-1